000 01090nam0a22002891 4500
001 rc\4606028
005 20130416194219.1
021 _aRU
_b[59-46304]
035 _a(NLR Aleph) 008668687
090 _a9106678
_c9106678
100 _a20130416d1959 |||y0rusy50 ca
101 0 _arus
102 _aRU
105 _ay e |||||
200 1 _aОрфографический словарь русского языка
_e110000 слов
_f[Под ред. С.И. Ожегова и А.Б. Шапиро]
_gАкад. наук СССР. Ин-т языкознания
205 _a4-е изд., стер.
210 _aМосква
_cГИС
_d1959
215 _a1260 с.
_d21
606 _aРусский язык
_jОрфографические словари
_2psbo
702 1 _aОжегов
_bС. И.
_gСергей Иванович
_4340
702 1 _aШапиро
_bА. Б.
_4340
712 0 2 _aИнститут языкознания
_cМосква
_3RU\NLR\AUTH\8818281
801 0 _aRU
_bNLR
_gpsbo
801 1 _aRU
_bELAR
_2rusmarc
852 _aNLR
_j186рус/О-70
942 _cBOOK
980 _aNB